Pray like this : (Record no. 36484)
[ view plain ]
| 000 -LEADER | |
|---|---|
| fixed length control field | 01286cam a2200217 a 4500 |
| 005 - DATE AND TIME OF LATEST TRANSACTION | |
| control field | 20140520110339.0 |
| 008 - FIXED-LENGTH DATA ELEMENTS--GENERAL INFORMATION | |
| fixed length control field | 070227s2007 nyu b 000 0 eng |
| 020 ## - INTERNATIONAL STANDARD BOOK NUMBER | |
| International Standard Book Number | 9780567026835 (hardcover : alk. paper) |
| 020 ## - INTERNATIONAL STANDARD BOOK NUMBER | |
| International Standard Book Number | 0567026833 (hardcover : alk. paper) |
| 020 ## - INTERNATIONAL STANDARD BOOK NUMBER | |
| International Standard Book Number | 9780567026330 (pbk. : alk. paper) |
| 020 ## - INTERNATIONAL STANDARD BOOK NUMBER | |
| International Standard Book Number | 0567026337 (pbk. : alk. paper) |
| 100 1# - MAIN ENTRY--PERSONAL NAME | |
| Personal name | Werline, Rodney Alan, |
| Dates associated with a name | 1961- |
| 245 10 - TITLE STATEMENT | |
| Title | Pray like this : |
| Remainder of title | understanding prayer in the Bible / |
| Statement of responsibility, etc | Rodney A. Werline. |
| 260 ## - PUBLICATION, DISTRIBUTION, ETC. (IMPRINT) | |
| Place of publication, distribution, etc | New York : |
| Name of publisher, distributor, etc | T&T Clark International, |
| Date of publication, distribution, etc | c2007. |
| 300 ## - PHYSICAL DESCRIPTION | |
| Extent | x, 163 p. ; |
| Dimensions | 23 cm. |
| 504 ## - BIBLIOGRAPHY, ETC. NOTE | |
| Bibliography, etc | Includes bibliographical references. |
| 505 0# - FORMATTED CONTENTS NOTE | |
| Formatted contents note | Introduction: prayers from different worlds -- Prayer and the family's future : the prayers of Abraham's servant and Hannah -- Prayer and history : 1 and 2 Kings and 1and 2 Chronicles -- Prayer and the rejected prophet : Jeremiah -- Prayer and wisdom : Daniel -- Pray like this : Matthew -- Prayer and demonic powers : Mark -- Prayer and God's continuing work : Luke-Acts -- Prayer and unity : John -- Prayer, transformation, and moral advancement : Paul -- Conclusion. |
| 630 00 - SUBJECT ADDED ENTRY--UNIFORM TITLE | |
| Uniform title | Bible |
| General subdivision | Prayers |
| -- | History and criticism. |
| 856 41 - ELECTRONIC LOCATION AND ACCESS | |
| Materials specified | Table of contents only |
| Uniform Resource Identifier | http://www.loc.gov/catdir/toc/ecip0712/2007008550.html |
| 942 ## - ADDED ENTRY ELEMENTS (KOHA) | |
| Source of classification or shelving scheme | Library of Congress Classification |
| Item type | Books |
| Withdrawn status | Lost status | Source of classification or shelving scheme | Damaged status | Not for loan | Home library | Current library | Shelving location | Date acquired | Source of acquisition | Cost, normal purchase price | Accession number | Total Checkouts | Full call number | Barcode | Date last seen | Price effective from | Koha item type |
|---|---|---|---|---|---|---|---|---|---|---|---|---|---|---|---|---|---|
| Library of Congress Classification | BSOP Library | BSOP Library | General Circulation | 11/11/2011 | Theological Book Network | 400.00 | 35854 | BS680.P64 W49 2007 | 00042554 | 04/26/2013 | 04/26/2013 | Books |
